Dinosaur MCQs - Statistics

General Stats
  • This quiz has been taken 69 times
  • The average score is 4 of 5
Answer Stats
Question Answer % Correct
Fossils of this dinosaur were discovered in Antarctica Cryolophosaurus
90%
Which of these dinosaurs had a crest on its head? Corythosaurus
86%
Which of these IS a dinosaur? Stygimoloch
86%
Who were the two main participants in the Bone Wars? Edward Drinker Cope and Othniel Marsh
62%
Which of these is not a real dinosaur? Brontosaurus
52%
No matching quizzes found
Score Distribution
Percent of People with Each Score
Percentile by Number Answered
Your Score History
You have not taken this quiz